[Event "Guernsey Open"]
[Site "GCI"]
[Date "2005.10.16"]
[Round "1"]
[White "Kirby, Peter"]
[Black "Mihajlova, Diana"]
[Result "1-0"]
[WhiteElo "2045"]
[BlackElo "1152"]
[PlyCount "69"]
[EventDate "2005.10.16"]

1. e4 c5 2. c3 Nf6 3. e5 Nd5 4. d4 cxd4 5. Qxd4 e6 6. Nf3 h6 7. Bd3 b6 8. O-O
Bc5 9. Qg4 Bf8 10. Na3 Nc6 11. Nb5 g5 12. Qh5 Nf4 13. Bxf4 gxf4 14. Bg6 fxg6
15. Qxg6+ Ke7 16. Nd6 Nxe5 17. Nxe5 Kxd6 18. Nf7+ Ke7 19. Nxd8 Kxd8 20. Qf6+
Kc7 21. Qxh8 Bb7 22. Rad1 Bd6 23. Qd4 Bd5 24. c4 Bc5 25. Qxf4+ Bd6 26. Qd2 Bc6
27. Qxd6+ Kb7 28. b4 Rg8 29. f3 Ba4 30. Rd2 Rc8 31. b5 Rc7 32. Qb4 Bxb5 33.
Qxb5 Rc5 34. Qxd7+ Rc7 35. Qxe6 1-0

[Event "Guernsey Open"]
[Site "GCI"]
[Date "2005.10.17"]
[Round "2"]
[White "Hillarp Persson, Tiger"]
[Black "Westerkamp, Bert"]
[Result "1-0"]
[WhiteElo "2534"]
[BlackElo "2085"]
[PlyCount "77"]
[EventDate "2005.10.16"]

1. d4 Nf6 2. c4 e6 3. Nc3 c5 4. d5 exd5 5. cxd5 d6 6. e4 g6 7. Nge2 Bg7 8. Ng3
O-O 9. Be2 a6 10. a4 Re8 11. O-O h5 12. f3 Nbd7 13. Bg5 Qc7 14. Qd2 Nh7 15. Bh6
Bd4+ 16. Be3 h4 17. Nh1 Bxe3+ 18. Qxe3 Ndf6 19. Nf2 Qe7 20. Rab1 Kg7 21. b4 Nd7
22. bxc5 Nxc5 23. Qd4+ f6 24. Nd3 Nxd3 25. Bxd3 Nf8 26. a5 Qc7 27. Qb4 Bd7 28.
Rfc1 Rec8 29. Ne2 Qd8 30. Qxd6 Rxc1+ 31. Rxc1 Qxa5 32. Qe7+ Kg8 33. Qxf6 Qd2
34. Qd4 Rc8 35. Rf1 b5 36. Rf2 a5 37. Bxb5 Qg5 38. Bd3 a4 39. e5 1-0

[Event "Guernsey Open"]
[Site "GCI"]
[Date "2005.10.17"]
[Round "2"]
[White "Morton, Peter S"]
[Black "Bellin, Robert"]
[Result "1/2-1/2"]
[WhiteElo "2061"]
[BlackElo "2374"]
[PlyCount "77"]
[EventDate "2005.10.16"]

1. e4 c5 2. g3 d5 3. exd5 Qxd5 4. Nf3 Bg4 5. Bg2 Qe6+ 6. Kf1 Nc6 7. h3 Bh5 8.
d3 Qd7 9. Nc3 e6 10. Bf4 Nf6 11. g4 Bg6 12. Ne5 Nxe5 13. Bxe5 O-O-O 14. a4 Bd6
15. Qe2 Bxe5 16. Qxe5 Qc7 17. Qe2 Nd5 18. Nb5 Qb6 19. Be4 a6 20. c4 axb5 21.
cxd5 exd5 22. Bxg6 fxg6 23. axb5 Rhe8 24. Qc2 Qxb5 25. Kg2 Kd7 26. Rhc1 Rc8 27.
Qd2 Qb4 28. Qc2 Ra8 29. Rxa8 Rxa8 30. Qxc5 Qxc5 31. Rxc5 Kd6 32. Rc2 Ra5 33.
Kf3 g5 34. Ke3 b6 35. f3 Ra1 36. Rh2 Re1+ 37. Kd2 Rb1 38. Ke3 Kc5 39. Rc2+
1/2-1/2

[Event "Guernsey Open"]
[Site "GCI"]
[Date "2005.10.17"]
[Round "2"]
[White "Wismayer, Clive R"]
[Black "Havenaar, Jan"]
[Result "1-0"]
[WhiteElo "2056"]
[BlackElo "2195"]
[PlyCount "53"]
[EventDate "2005.10.16"]

1. Nf3 g6 2. e4 Bg7 3. d4 d6 4. Nc3 a6 5. a4 Nc6 6. h3 e5 7. Be3 Nge7 8. dxe5
Nxe5 9. Nxe5 Bxe5 10. Qd2 Be6 11. Bg5 Qd7 12. Bd3 Qc6 13. O-O h6 14. Bxh6 Qd7
15. Qe3 O-O-O 16. Nb5 c5 17. b4 Bxh3 18. bxc5 Bxg2 19. Nxd6+ Bxd6 20. cxd6 Nc6
21. Kxg2 g5 22. Rh1 Rdg8 23. e5 Kb8 24. Bg7 Rxh1 25. Rxh1 Qg4+ 26. Qg3 Qxg3+
27. Kxg3 1-0

[Event "Guernsey Open"]
[Site "GCI"]
[Date "2005.10.17"]
[Round "2"]
[White "Dennis, Nigel W"]
[Black "Lock, Gavin R"]
[Result "0-1"]
[WhiteElo "2050"]
[BlackElo "2178"]
[PlyCount "42"]
[EventDate "2005.10.16"]

1. e4 e6 2. d4 d5 3. Nc3 Bb4 4. e5 c5 5. a3 Ba5 6. b4 cxd4 7. Nb5 Bc7 8. Nxc7+
Qxc7 9. f4 Ne7 10. Nf3 Bd7 11. Nxd4 Qc3+ 12. Qd2 Qxa1 13. c3 Ba4 14. Bd3 Nbc6
15. Ne2 d4 16. O-O dxc3 17. Nxc3 O-O-O 18. Bb2 Rxd3 19. Qxd3 Qxb2 20. Nxa4 Qd4+
21. Qxd4 Nxd4 0-1

[Event "Guernsey Open"]
[Site "GCI"]
[Date "2005.10.17"]
[Round "2"]
[White "Von Saldern, Rudiger"]
[Black "Taylor, Mark V"]
[Result "0-1"]
[WhiteElo "2091"]
[BlackElo "2135"]
[PlyCount "74"]
[EventDate "2005.10.16"]

1. d4 e6 2. c4 f5 3. Nc3 Nf6 4. Bg5 Be7 5. e3 O-O 6. g3 d5 7. Bxf6 Bxf6 8. Qb3
c6 9. Nf3 Nd7 10. Be2 Kh8 11. h4 Rb8 12. O-O Qe7 13. Rac1 a6 14. Rfe1 dxc4 15.
Bxc4 e5 16. dxe5 Nxe5 17. Nxe5 Bxe5 18. Ne2 b5 19. Bd3 c5 20. Bb1 Bb7 21. Nf4
c4 22. Qc2 Qf6 23. Kh2 Bxb2 24. Rcd1 Be5 25. Rg1 Bxf4 26. exf4 Rbd8 27. Qxf5
Qxf5 28. Bxf5 Bf3 29. Rxd8 Rxd8 30. Rc1 g6 31. Rc3 gxf5 32. Rxf3 Rc8 33. Rc3 b4
34. Rc1 a5 35. Kg2 a4 36. Kf3 b3 37. axb3 axb3 0-1

[Event "Guernsey Open"]
[Site "GCI"]
[Date "2005.10.17"]
[Round "2"]
[White "Thurlow, Kevin J"]
[Black "Kirby, Peter"]
[Result "1/2-1/2"]
[WhiteElo "2124"]
[BlackElo "2045"]
[PlyCount "71"]
[EventDate "2005.10.16"]

1. e4 c5 2. Nf3 e6 3. d4 cxd4 4. Nxd4 a6 5. Nc3 b5 6. Bd3 Qb6 7. Be3 Bc5 8.
Nce2 Nc6 9. c3 b4 10. O-O Nge7 11. Nc2 O-O 12. Ned4 Bb7 13. Qh5 e5 14. Nf3 f6
15. Nh4 a5 16. Qg4 g5 17. Rad1 Bc8 18. Qg3 d6 19. Nf3 Ng6 20. Bxg5 fxg5 21.
Nxg5 Kg7 22. Ne3 Bxe3 23. fxe3 Bd7 24. Bc4 Nce7 25. Nf7 Qc5 26. Qg5 Ng8 27.
Rxd6 Be8 28. Rff6 Bxf7 29. Bxf7 Rxf7 30. Rxg6+ hxg6 31. Rxg6+ Kh8 32. Rxg8+
Rxg8 33. Qh6+ Rh7 34. Qf6+ Rgg7 35. Qd8+ Rg8 36. Qf6+ 1/2-1/2

[Event "Guernsey Open"]
[Site "GCI"]
[Date "2005.10.17"]
[Round "2"]
[White "Goman, Colin"]
[Black "Collier, David O"]
[Result "0-1"]
[WhiteElo "1919"]
[BlackElo "2122"]
[PlyCount "50"]
[EventDate "2005.10.16"]

1. d4 e6 2. Nf3 Nf6 3. e3 b6 4. Bd3 Ba6 5. c4 d5 6. b3 Bb4+ 7. Bd2 Be7 8. Nc3
c5 9. O-O O-O 10. Qc2 Nc6 11. a3 Rc8 12. Ng5 h6 13. Nf3 cxd4 14. Nxd4 Nxd4 15.
exd4 dxc4 16. bxc4 Bxc4 17. Ne2 Bd5 18. Qa4 a5 19. Ba6 Ra8 20. Bd3 Bd6 21. Rac1
Ne4 22. Be3 Qe7 23. f3 Qh4 24. fxe4 Bxh2+ 25. Kh1 Bg3+ 0-1

[Event "Guernsey Open"]
[Site "GCI"]
[Date "2005.10.17"]
[Round "2"]
[White "Horton Kitchlew, Andrew"]
[Black "Van Randen, Fred"]
[Result "1/2-1/2"]
[WhiteElo "2121"]
[BlackElo "1869"]
[PlyCount "96"]
[EventDate "2005.10.16"]

1. d4 Nf6 2. Nf3 d6 3. Nc3 Bf5 4. Bg5 Nbd7 5. Nh4 Bg6 6. e3 c6 7. Be2 Qa5 8.
Nxg6 hxg6 9. Bxf6 Nxf6 10. Qd2 d5 11. Ne4 Qxd2+ 12. Nxd2 e6 13. c4 Bb4 14. a3
Bxd2+ 15. Kxd2 dxc4 16. Bxc4 Ke7 17. Ke2 g5 18. a4 a5 19. h3 Rac8 20. f3 Nd5
21. Bxd5 cxd5 22. Rac1 Kd7 23. Kd3 Rxc1 24. Rxc1 Rc8 25. Re1 f6 26. e4 Rc4 27.
b3 Rc8 28. Rh1 Rh8 29. Rc1 Rc8 30. Rxc8 Kxc8 31. exd5 exd5 32. Ke3 Kd7 33. f4
gxf4+ 34. Kxf4 Ke6 35. h4 g6 36. g4 b6 37. g5 f5 38. Kg3 Kf7 39. Kf3 Ke7 40.
Ke3 Kf7 41. Kf3 Ke7 42. Kg3 Kf7 43. Kh3 Kg7 44. Kg2 Kf7 45. Kg3 Ke7 46. Kf2 Ke6
47. Ke3 Kf7 48. Kf4 Ke6 1/2-1/2

[Event "Guernsey Open"]
[Site "GCI"]
[Date "2005.10.17"]
[Round "2"]
[White "Twitchell, David T"]
[Black "Hickman, John"]
[Result "1-0"]
[WhiteElo "1824"]
[BlackElo "2115"]
[PlyCount "65"]
[EventDate "2005.10.16"]

1. e4 d6 2. d4 Nf6 3. Nc3 g6 4. Bg5 Bg7 5. Qd2 h6 6. Bf4 g5 7. Be3 Ng4 8. f3
Nxe3 9. Qxe3 Nc6 10. Bb5 Bd7 11. Nge2 a6 12. Bxc6 Bxc6 13. O-O-O e6 14. d5 Bd7
15. g3 b5 16. Nd4 Bxd4 17. Qxd4 e5 18. Qf2 b4 19. Ne2 O-O 20. g4 Qf6 21. Rdg1
c6 22. dxc6 Bxc6 23. Ng3 d5 24. Rf1 Rfc8 25. h4 Bb5 26. Rd1 dxe4 27. Nxe4 Qf4+
28. Kb1 Rc4 29. Nd6 Rc6 30. hxg5 hxg5 31. Nf5 Re8 32. Rh5 f6 33. Qa7 1-0

[Event "Guernsey Open"]
[Site "GCI"]
[Date "2005.10.17"]
[Round "2"]
[White "Goater, Kevin P"]
[Black "Rowe, Peter"]
[Result "1-0"]
[WhiteElo "2178"]
[BlackElo "2071"]
[PlyCount "89"]
[EventDate "2005.10.16"]

1. f4 c5 2. Nf3 Nc6 3. e3 e6 4. b3 Nf6 5. Bb2 Be7 6. Be2 b6 7. a4 Bb7 8. Na3
O-O 9. O-O d5 10. Ne5 Ne4 11. d3 Nd6 12. Bf3 Nf5 13. Qe2 Bf6 14. Nxc6 Bxc6 15.
Bxf6 Qxf6 16. g3 Rfe8 17. Nc4 Rad8 18. Ne5 Ba8 19. a5 b5 20. a6 Qe7 21. Ra5 f6
22. Ng4 Nd6 23. e4 Qc7 24. Rfa1 dxe4 25. dxe4 Bxe4 26. Bxe4 f5 27. Bg2 fxg4 28.
Qxg4 c4 29. Qf3 Qc5+ 30. Qf2 Qxf2+ 31. Kxf2 Rc8 32. b4 e5 33. Rd1 Red8 34. fxe5
Ne4+ 35. Ke1 Rxd1+ 36. Kxd1 Rd8+ 37. Kc1 Nc3 38. Bf3 Kf7 39. Kb2 Na4+ 40. Ka3
Nc3 41. Bc6 Rd1 42. Bxb5 Nxb5+ 43. Rxb5 Ra1+ 44. Kb2 Rxa6 45. Kc3 1-0

[Event "Guernsey Open"]
[Site "GCI"]
[Date "2005.10.17"]
[Round "2"]
[White "Roberts, Paul"]
[Black "Hamperl, Fred A"]
[Result "1-0"]
[WhiteElo "2201"]
[BlackElo "2002"]
[PlyCount "89"]
[EventDate "2005.10.16"]

1. e4 c5 2. a3 Nc6 3. b4 cxb4 4. axb4 Nxb4 5. d4 g6 6. c3 Na6 7. Bc4 Qb6 8. Qf3
Qf6 9. Qe2 Bh6 10. Ba3 d6 11. Bb5+ Kf8 12. h3 Nc7 13. Bd3 Qg5 14. g3 Nf6 15. c4
Qa5+ 16. Kf1 Qh5 17. Qc2 Ne6 18. Bb2 Ng5 19. Kg2 Bxh3+ 20. Nxh3 Qf3+ 21. Kg1
Ngxe4 22. Bxe4 Nxe4 23. Ra3 Qf5 24. Qd3 d5 25. cxd5 Qxd5 26. Nc3 Nxc3 27. Bxc3
Kg7 28. Ra5 Qd6 29. Kg2 Rhc8 30. d5+ Kg8 31. Qd4 f6 32. Re1 e5 33. dxe6 Qxd4
34. Bxd4 Bd2 35. Raa1 Bxe1 36. Rxe1 f5 37. Nf4 Rc4 38. Bxa7 b5 39. Nd5 Rxa7 40.
e7 Rxe7 41. Rxe7 b4 42. Rb7 h5 43. Nf6+ Kf8 44. Nd7+ Ke8 45. Ne5 1-0

[Event "Guernsey Open"]
[Site "GCI"]
[Date "2005.10.17"]
[Round "2"]
[White "Goris, Ton"]
[Black "Ruigrok, Jacques"]
[Result "1-0"]
[WhiteElo "2108"]
[BlackElo "1785"]
[PlyCount "61"]
[EventDate "2005.10.16"]

1. e4 e5 2. Nf3 Nc6 3. d4 exd4 4. c3 dxc3 5. Nxc3 Bb4 6. Bc4 d6 7. O-O Bxc3 8.
bxc3 Nf6 9. e5 Nxe5 10. Nxe5 dxe5 11. Qb3 Qe7 12. Ba3 c5 13. Bb5+ Kf8 14. f4
Be6 15. Qa4 e4 16. Rad1 Kg8 17. f5 Bd5 18. c4 e3 19. cxd5 e2 20. Bxe2 Qxe2 21.
Bxc5 h6 22. Rfe1 Qh5 23. Qf4 Kh7 24. Be7 Rhe8 25. d6 Ng8 26. Rd3 Nxe7 27. dxe7
f6 28. Rd7 Qf7 29. Qd6 Rac8 30. Rd8 Rc6 31. Qd7 1-0

[Event "Guernsey Open"]
[Site "GCI"]
[Date "2005.10.17"]
[Round "2"]
[White "Van Hoek, Wim"]
[Black "Hensbergen, Willem"]
[Result "0-1"]
[WhiteElo "1782"]
[BlackElo "2106"]
[PlyCount "46"]
[EventDate "2005.10.16"]

1. e4 Nf6 2. Nc3 d6 3. d4 g6 4. f4 Bg7 5. a3 O-O 6. Nf3 b6 7. e5 Nfd7 8. Bc4 e6
9. Qe2 d5 10. Bd3 c5 11. b3 Nc6 12. Be3 f6 13. Bb5 Nxd4 14. Bxd4 cxd4 15. Nxd4
Qc7 16. Qd2 Nc5 17. Bc6 fxe5 18. Ncb5 Qb8 19. Ne2 exf4 20. O-O-O a6 21. Bxa8
axb5 22. Bc6 Qc7 23. Bxb5 Nxb3+ 0-1

[Event "Guernsey Open"]
[Site "GCI"]
[Date "2005.10.17"]
[Round "2"]
[White "De Kruif, Kees"]
[Black "Gravett, Alan D"]
[Result "1/2-1/2"]
[WhiteElo "2054"]
[BlackElo "1975"]
[PlyCount "20"]
[EventDate "2005.10.16"]

1. b4 c6 2. Bb2 Qb6 3. a3 a5 4. c3 d5 5. e3 Nf6 6. Nf3 Bf5 7. d3 Nbd7 8. Qc2 e6
9. Be2 Be7 10. O-O O-O 1/2-1/2

[Event "Guernsey Open"]
[Site "GCI"]
[Date "2005.10.17"]
[Round "2"]
[White "Goris Schouwstra, Adry"]
[Black "Kemp, Paul M"]
[Result "1/2-1/2"]
[WhiteElo "1916"]
[BlackElo "2051"]
[PlyCount "49"]
[EventDate "2005.10.16"]

1. d4 Nf6 2. Nf3 e6 3. c4 Bb4+ 4. Bd2 Qe7 5. a3 Bxd2+ 6. Nbxd2 O-O 7. e3 d6 8.
Be2 e5 9. dxe5 dxe5 10. Qc2 Re8 11. Ne4 Nbd7 12. O-O Nxe4 13. Qxe4 Nf6 14. Qc2
c5 15. e4 b6 16. Nd2 Bb7 17. f3 Rad8 18. Rad1 Nh5 19. g3 Qg5 20. Kf2 Rd6 21.
Nb3 Rh6 22. Qd2 Nf4 23. Rh1 Nh3+ 24. Kg2 Nf4+ 25. Kf2 1/2-1/2

[Event "Guernsey Open"]
[Site "GCI"]
[Date "2005.10.17"]
[Round "2"]
[White "Spanton, Timothy"]
[Black "Vorstermans, Peter"]
[Result "0-1"]
[WhiteElo "2018"]
[BlackElo "1934"]
[PlyCount "60"]
[EventDate "2005.10.16"]

1. e4 d5 2. d4 dxe4 3. Nc3 Nf6 4. f3 Bf5 5. g4 Bg6 6. g5 Nd5 7. Nxe4 e6 8. Nh3
Be7 9. Bg2 h6 10. gxh6 Bh4+ 11. Ng3 gxh6 12. Bd2 Nc6 13. c3 Qf6 14. Qe2 O-O-O
15. O-O Bxg3 16. hxg3 Rdg8 17. Nf4 Nxf4 18. Bxf4 Bf5 19. g4 Bd3 20. Qxd3 Qxf4
21. Qe4 Qg5 22. Bh3 h5 23. Kg2 Qh6 24. Rh1 Qd2+ 25. Kf1 hxg4 26. fxg4 Rg6 27.
g5 Rhg8 28. d5 Nd8 29. dxe6 fxe6 30. Qd4 Rf8+ 0-1

[Event "Guernsey Open"]
[Site "GCI"]
[Date "2005.10.17"]
[Round "2"]
[White "Barnard, Paul E"]
[Black "Edwards, L Alan"]
[Result "1/2-1/2"]
[WhiteElo "2066"]
[BlackElo "1984"]
[PlyCount "58"]
[EventDate "2005.10.16"]

1. e4 e6 2. d4 d5 3. e5 c5 4. c3 Nc6 5. Nf3 Qb6 6. a3 Nh6 7. Bd3 cxd4 8. cxd4
Bd7 9. Bc2 Nf5 10. Bxf5 exf5 11. O-O Be7 12. Nc3 Be6 13. b4 O-O 14. Be3 Rac8
15. Qd2 Qd8 16. Rfc1 Nb8 17. Na4 Nd7 18. Rxc8 Qxc8 19. Rc1 Qb8 20. Qc2 h6 21.
h4 b6 22. Qc7 Qxc7 23. Rxc7 Ra8 24. Bd2 Bd8 25. Rc1 a6 26. g3 b5 27. Nc5 Nb6
28. Rc3 Nc4 29. Bc1 Be7 1/2-1/2

[Event "Guernsey Open"]
[Site "GCI"]
[Date "2005.10.17"]
[Round "2"]
[White "Wiecker, Stefan"]
[Black "Ippel, Cok"]
[Result "1-0"]
[WhiteElo "1985"]
[BlackElo "2064"]
[PlyCount "57"]
[EventDate "2005.10.16"]

1. e4 e6 2. d4 d5 3. Nc3 Bb4 4. e5 c5 5. a3 Ba5 6. Bd2 cxd4 7. Nb5 Bc7 8. f4
Bd7 9. Nxc7+ Qxc7 10. Bd3 Nc6 11. Nf3 Nge7 12. O-O Qb6 13. Qe1 O-O-O 14. b4 Nf5
15. b5 Nce7 16. Ba5 Qc5 17. Bb4 Qc7 18. g4 g6 19. gxf5 Nxf5 20. Bxf5 gxf5 21.
Nxd4 Qb6 22. Qc3+ Qc7 23. Qd2 Rhg8+ 24. Kh1 Rg6 25. Rf3 Bc6 26. bxc6 Rdg8 27.
cxb7+ Kd7 28. Qd3 Qxb7 29. Qb5+ 1-0

[Event "Guernsey Open"]
[Site "GCI"]
[Date "2005.10.17"]
[Round "2"]
[White "Dawson, Jeffery"]
[Black "Burton, Ronnie"]
[Result "1/2-1/2"]
[WhiteElo "1982"]
[BlackElo "2044"]
[PlyCount "52"]
[EventDate "2005.10.16"]

1. e4 c5 2. Nf3 e6 3. c3 Nf6 4. e5 Nd5 5. d4 cxd4 6. Nxd4 a6 7. Bc4 d6 8. Bxd5
exd5 9. exd6 Bxd6 10. Be3 O-O 11. Nd2 Nc6 12. N2f3 Bg4 13. Qd3 Re8 14. O-O Ne5
15. Nxe5 Bxe5 16. f4 Bxd4 17. Bxd4 Be2 18. Qg3 f6 19. Rfe1 Qd6 20. Kf2 Bb5 21.
Qf3 Bc6 22. g3 Re4 23. Rxe4 dxe4 24. Qe3 Qe6 25. b3 Rd8 26. Rd1 Qh3 1/2-1/2

[Event "Guernsey Open"]
[Site "GCI"]
[Date "2005.10.17"]
[Round "2"]
[White "Jamieson, Ian"]
[Black "Downey, Keith"]
[Result "1/2-1/2"]
[WhiteElo "2026"]
[BlackElo "1821"]
[PlyCount "118"]
[EventDate "2005.10.16"]

1. b3 e5 2. Bb2 d6 3. d4 exd4 4. Qxd4 Nc6 5. Qf4 Nge7 6. Nf3 f6 7. Nc3 Be6 8.
e3 Qd7 9. Bb5 a6 10. Be2 Ng6 11. Qe4 d5 12. Qd3 O-O-O 13. O-O-O Nb4 14. Qd2 c5
15. h4 Kb8 16. Kb1 Ne7 17. h5 h6 18. Ne1 Nc8 19. f3 Be7 20. a3 Nc6 21. g4 Rhe8
22. Ng2 Bf7 23. Nf4 d4 24. Ne4 Qc7 25. Qc1 Nb6 26. Nd3 c4 27. Ndc5 c3 28. Ba1
Bxc5 29. Nxc5 Rxe3 30. Rhe1 Rde8 31. Bxa6 Rxe1 32. Rxe1 Rxe1 33. Qxe1 Qd6 34.
Nxb7 Qxa3 35. Bxc3 dxc3 36. Qxc3 Nb4 37. Nd6 Nxa6 38. Nxf7 Qc5 39. Qd2 Qd5 40.
Qe3 Nc8 41. Nh8 Nb4 42. Ng6 Qd1+ 43. Qc1 Qxf3 44. Qf4+ Qxf4 45. Nxf4 Nc6 46.
Ne6 Ne5 47. g5 fxg5 48. Nxg7 Ne7 49. Kc1 Kc7 50. Kd2 Kd6 51. Ke3 Kd5 52. c4+
Kc5 53. Ke4 N5c6 54. Ne6+ Kb4 55. Nc7 Kxb3 56. Ne8 Kxc4 57. Nd6+ Kc5 58. Nf7
Ng8 59. Kf5 Kd5 1/2-1/2

[Event "Guernsey Open"]
[Site "GCI"]
[Date "2005.10.17"]
[Round "2"]
[White "Cummins, John"]
[Black "Heath, Jeffrey"]
[Result "1/2-1/2"]
[WhiteElo "1921"]
[BlackElo "2019"]
[PlyCount "105"]
[EventDate "2005.10.16"]

1. e4 c5 2. Nc3 d6 3. f4 Nc6 4. Nf3 g6 5. Bc4 e6 6. d3 Nge7 7. O-O Bg7 8. a3
O-O 9. Ba2 a6 10. Qe1 Nd4 11. Nxd4 cxd4 12. Ne2 d5 13. Ng3 Kh8 14. Qe2 dxe4 15.
dxe4 Bd7 16. Rd1 e5 17. f5 Qb6 18. Qf2 Qc6 19. Rf1 Ng8 20. Qe2 Rac8 21. Bb1 Nf6
22. Bd2 Qc4 23. Qd1 Bb5 24. a4 Bd7 25. c3 dxc3 26. Bxc3 Qc5+ 27. Kh1 b5 28. Qe1
Qc7 29. a5 Rfe8 30. Ba2 Bc6 31. Rd1 Qb7 32. Bb1 Rb8 33. Bb4 Red8 34. Qe2 Qc7
35. fxg6 hxg6 36. Rxd8+ Rxd8 37. Rd1 Rxd1+ {(=)} 38. Qxd1 Qd7 39. Qxd7 Nxd7 40.
Kg1 Kg8 41. Kf2 Bf8 42. Bxf8 Kxf8 43. Ke3 Ke7 44. Ne2 Nc5 45. b4 Nd7 46. g3 Bb7
47. h4 f6 48. Bc2 Nb8 49. Kd3 Nc6 50. Kc3 Bc8 51. Bb3 Bg4 52. Bd5 Nb8 53. Nc1
1/2-1/2

[Event "Guernsey Open"]
[Site "GCI"]
[Date "2005.10.17"]
[Round "2"]
[White "Borland, Tom"]
[Black "Finch, Russell"]
[Result "1-0"]
[WhiteElo "2042"]
[BlackElo "1650"]
[PlyCount "71"]
[EventDate "2005.10.16"]

1. d4 g6 2. e4 Bg7 3. Nf3 d6 4. Nc3 a6 5. Be2 Nc6 6. O-O Bg4 7. Be3 e5 8. dxe5
Nxe5 9. Nxe5 Bxe2 10. Qxe2 Bxe5 11. f4 Bg7 12. Rae1 Ne7 13. Qc4 O-O 14. f5 d5
15. Nxd5 Nxd5 16. exd5 Bf6 17. Bc5 Bh4 18. Re4 b5 19. Qd3 Re8 20. fxg6 hxg6 21.
c4 f5 22. Rxe8+ Qxe8 23. d6 cxd6 24. Qd5+ Kh7 25. Bxd6 bxc4 26. Qxc4 Bf6 27. b4
Rc8 28. Bc5 Be7 29. Kh1 a5 30. a3 axb4 31. axb4 Bd6 32. Qh4+ Kg8 33. Bxd6 Qe2
34. Qe1 Qd3 35. Qe6+ Kh7 36. Qd7+ 1-0

[Event "Guernsey Open"]
[Site "GCI"]
[Date "2005.10.17"]
[Round "2"]
[White "Nicholson, John"]
[Black "Mihajlova, Diana"]
[Result "1-0"]
[WhiteElo "2000"]
[BlackElo "1152"]
[PlyCount "93"]
[EventDate "2005.10.16"]

1. e4 e5 2. Nf3 Nc6 3. Bb5 Qf6 4. Nc3 Nge7 5. O-O Nd4 6. Nxd4 exd4 7. Ne2 c6 8.
Bc4 b5 9. Bb3 Qg6 10. d3 d5 11. exd5 Nxd5 12. Nxd4 Bh3 13. Re1+ Be7 14. Bxd5
cxd5 15. Qf3 Bd7 16. Bf4 Be6 17. Nxb5 O-O 18. Qg3 Qxg3 19. Bxg3 Rac8 20. Nd4
Bf6 21. Be5 Bd8 22. c3 f6 23. Bd6 Re8 24. Rxe6 Rxe6 25. Nxe6 Bb6 26. Bf4 g5 27.
Be3 Rc6 28. Nd4 Rc8 29. g3 g4 30. Kg2 Kg7 31. f3 Re8 32. Re1 gxf3+ 33. Kxf3 Kg6
34. h4 h5 35. Bf2 Rf8 36. Ne6 Rf7 37. Bxb6 axb6 38. Nf4+ Kh6 39. Nxd5 Rd7 40.
c4 b5 41. b3 f5 42. Kf4 Kg6 43. Re6+ Kf7 44. Re7+ Rxe7 45. Nxe7 Kxe7 46. Kxf5
bxc4 47. dxc4 1-0

[Event "Guernsey Open"]
[Site "GCI"]
[Date "2005.10.17"]
[Round "2"]
[White "Carpenter, Paul"]
[Black "Taylor, Robert P"]
[Result "1-0"]
[WhiteElo "1816"]
[BlackElo "1995"]
[PlyCount "61"]
[EventDate "2005.10.16"]

1. d4 d5 2. e3 Nf6 3. Bd3 Bg4 4. Nf3 Nbd7 5. Nbd2 e6 6. c4 c6 7. Qb3 Rb8 8. O-O
Bd6 9. e4 dxe4 10. Nxe4 Bc7 11. Nfd2 O-O 12. Qc2 h6 13. b3 e5 14. Bb2 exd4 15.
Bxd4 Be5 16. Qc3 Re8 17. Rae1 Bxd4 18. Qxd4 Qa5 19. Nxf6+ Nxf6 20. Ne4 Nxe4 21.
Rxe4 Red8 22. Qb2 Bf5 23. Re5 Qxe5 24. Qxe5 Bxd3 25. Re1 Bg6 26. h3 f6 27. Qg3
Kf7 28. Qc7+ Kf8 29. Re7 Rdc8 30. Qd6 Rd8 31. Rd7+ 1-0

[Event "Guernsey Open"]
[Site "GCI"]
[Date "2005.10.18"]
[Round "3"]
[White "Taylor, Mark V"]
[Black "Hillarp Persson, Tiger"]
[Result "0-1"]
[WhiteElo "2135"]
[BlackElo "2534"]
[PlyCount "62"]
[EventDate "2005.10.16"]

1. d4 g6 2. e4 Nf6 3. e5 Nh5 4. Be2 d6 5. Nf3 Nc6 6. O-O Bg7 7. exd6 Qxd6 8.
Na3 O-O 9. c3 Nf6 10. Nc4 Qd8 11. Nfe5 Nxe5 12. Nxe5 Be6 13. Bf3 c6 14. Re1 Qb6
15. Qe2 a5 16. Bg5 Rfe8 17. h4 Qa6 18. Qe3 Bd5 19. Bh6 Bxf3 20. Bxg7 Bxg2 21.
Qh6 Nh5 22. Nxf7 Kxf7 23. Be5 Kg8 24. Kxg2 Qb5 25. Rg1 Rf8 26. Raf1 Qe2 27. Kh2
Rxf2+ 28. Rxf2 Qxf2+ 29. Rg2 Qxh4+ 30. Kg1 Qe1+ 31. Kh2 Qe4 0-1

[Event "Guernsey Open"]
[Site "GCI"]
[Date "2005.10.18"]
[Round "3"]
[White "Lock, Gavin R"]
[Black "Wismayer, Clive R"]
[Result "1/2-1/2"]
[WhiteElo "2178"]
[BlackElo "2056"]
[PlyCount "46"]
[EventDate "2005.10.16"]

1. Nf3 d5 2. d4 Nf6 3. c4 c6 4. Nc3 dxc4 5. a4 Na6 6. e4 Bg4 7. Bxc4 Bxf3 8.
gxf3 e6 9. Bxa6 bxa6 10. Be3 Be7 11. Qe2 a5 12. O-O O-O 13. Rfc1 Qb8 14. Qa6
Qb6 15. Qc4 Qb7 16. Ne2 Rac8 17. Nf4 Rfd8 18. Nd3 Nd7 19. Rc2 Bd6 20. f4 Nf8
21. Rac1 Ng6 22. Ne5 Bxe5 23. fxe5 h6 1/2-1/2

[Event "Guernsey Open"]
[Site "GCI"]
[Date "2005.10.18"]
[Round "3"]
[White "Hensbergen, Willem"]
[Black "Twitchell, David T"]
[Result "1-0"]
[WhiteElo "2106"]
[BlackElo "1824"]
[PlyCount "69"]
[EventDate "2005.10.16"]

1. d4 d5 2. c4 e6 3. Nc3 Nf6 4. cxd5 exd5 5. Bg5 Be7 6. e3 O-O 7. Bd3 Nbd7 8.
Nge2 c6 9. Qc2 h6 10. Bh4 Re8 11. O-O Nf8 12. f3 c5 13. Bxf6 Bxf6 14. dxc5 Rxe3
15. Rad1 Bxc3 16. Nxc3 d4 17. Be4 Ne6 18. Nd5 d3 19. Qc3 Rxe4 20. fxe4 Ng5 21.
Qxd3 Bg4 22. Nf6+ Qxf6 23. Rxf6 gxf6 24. Rf1 Re8 25. h3 Bh5 26. Rxf6 Kg7 27.
Rf4 Bg6 28. Qc3+ Kh7 29. e5 Rd8 30. Rd4 Re8 31. Rd7 Ne4 32. Qd4 Ng3 33. Qd5
Ne2+ 34. Kf2 Nc1 35. Rxf7+ 1-0

[Event "Guernsey Open"]
[Site "GCI"]
[Date "2005.10.18"]
[Round "3"]
[White "Korneev, Oleg"]
[Black "Horton Kitchlew, Andrew"]
[Result "1-0"]
[WhiteElo "2601"]
[BlackElo "2121"]
[PlyCount "53"]
[EventDate "2005.10.16"]

1. e4 e6 2. d4 d5 3. Nc3 Bb4 4. e5 Ne7 5. a3 Bxc3+ 6. bxc3 b6 7. Qg4 Ng6 8. h4
h5 9. Qd1 Ba6 10. Bxa6 Nxa6 11. Bg5 Qc8 12. Ne2 Nb8 13. Ng3 c5 14. O-O cxd4 15.
cxd4 Qc4 16. c3 Nd7 17. Nxh5 Kf8 18. Rc1 Rc8 19. f4 Ne7 20. Bxe7+ Kxe7 21. f5
Rh7 22. fxe6 fxe6 23. Qg4 Kd8 24. Rf7 Rc6 25. Nf4 Kc8 26. Qg5 Qa2 27. Qe7 1-0

[Event "Guernsey Open"]
[Site "GCI"]
[Date "2005.10.18"]
[Round "3"]
[White "Bellin, Robert"]
[Black "Goris, Ton"]
[Result "1-0"]
[WhiteElo "2374"]
[BlackElo "2108"]
[PlyCount "63"]
[EventDate "2005.10.16"]

1. d4 e6 2. Nf3 Nf6 3. Bg5 Be7 4. Nbd2 d5 5. e3 Nbd7 6. Bd3 c5 7. c3 b6 8. Qa4
Qc7 9. O-O O-O 10. Rac1 e5 11. e4 Bb7 12. dxe5 Nxe5 13. Nxe5 Qxe5 14. f4 Qc7
15. e5 Ne8 16. Bxe7 Qxe7 17. Rce1 c4 18. Bb1 Qc5+ 19. Kh1 d4 20. cxd4 Qxd4 21.
Qc2 g6 22. Ne4 Rc8 23. Ng5 Ng7 24. Qe2 Ne6 25. Be4 Nxg5 26. Bxb7 Rc7 27. Rd1
Qc5 28. Bd5 Ne6 29. Qe4 c3 30. bxc3 Qxc3 31. f5 Nc5 32. Qf4 1-0

[Event "Guernsey Open"]
[Site "GCI"]
[Date "2005.10.18"]
[Round "3"]
[White "Kirby, Peter"]
[Black "Roberts, Paul"]
[Result "0-1"]
[WhiteElo "2045"]
[BlackElo "2201"]
[PlyCount "70"]
[EventDate "2005.10.16"]

1. e4 e6 2. d4 a6 3. c4 b5 4. cxb5 axb5 5. Bxb5 Bb7 6. Nc3 Bb4 7. Qg4 Nf6 8.
Qxg7 Rg8 9. Qh6 Rg6 10. Qe3 Nxe4 11. Nf3 Rxg2 12. Rf1 Qf6 13. Be2 Ra5 14. Bd2
Nxd2 15. Kxd2 c5 16. Qe5 Qxe5 17. dxe5 c4 18. a3 Bf8 19. Nd4 Rxe5 20. Bxc4 Rg4
21. f4 Bh6 22. Nde2 Rh5 23. Rf2 Ke7 24. b4 d5 25. Bd3 e5 26. a4 f5 27. Nb5 e4
28. Bc2 Nc6 29. Nbd4 Nxd4 30. Nxd4 Rxf4 31. Rxf4 Bxf4+ 32. Kc3 Rh3+ 33. Kb2 Be5
34. Rd1 e3 35. Kb1 Bxd4 0-1